000 00299nam a2200133Ia 4500
100 _aLin/Yi-Bing
942 _cBK
654 _awireless
245 _aWireless and mobile network architecture
260 _bWiley student ed.
_c2001
082 _a621.3821
_bLIN
300 _a532
546 _aENGLISH
999 _c20736
_d20736